000 02023cam a22003011 4500
001 2617
003 FISKH
005 20240104161237.0
007 cr_|||||||||||
008 730502s1919 paucfh 000 0 eng
010 _a 19026539
020 _a031809005996
035 _a(OCoLC)615259
040 _aDLC
_cOUrC
_dOCoLC
_dDLC
_beng
050 0 0 _aD639.S15
_bB6
082 _a813
100 1 _aBooth, Evangeline,
_d1865-1950.
245 1 4 _aThe war romance of the Salvation Army /
_cby Evangeline Booth and Grace Livingston Hill
250 _aTyndale House editions 1991
260 _aIllinois :
_bTyndale House,
_c1991
300 _a329 pages :
_c18 cm
520 _aGrace Livingston Hill (1865-1947) was an early 20th Century "Christian Romance" novelist. She was immensely popular in the time that she wrote, contributing hundreds of novels and short stories during her lifetime. Her characters were most often young female ingenues, frequently strong Christian women or those who become so within the confines of the story. Graces messages are quite simplistic in nature: good versus evil. As Grace believed the Bible was very clear about what was good and what was evil in life, she reflected that cut-and-dried design in her own works. She touched on subjects such as infidelity, defiance, hard-heartedness towards God, and deception, to name just a few. Grace wrote about them all and could manage a happy, or at least satisfactory, ending to any situation. Jesus, the ever-present (though unseen) reoccurring character, manages to heal or mend any situation Grace imagined. It was no wonder that in her days she was known as the "Queen of Christian Romance. " Her works include: The Girl from Montana (1908), The Mystery of Mary (1911) and Lo, Michael (1913).
530 _aAlso available in digital form.
650 0 _aWorld War, 1914-1918
_xWar work
_xSalvation Army.
700 1 _aHill, Grace Livingston,
_d1865-1947.
906 _a7
_bcbc
_coclcrpl
_du
_encip
_f19
_gy-gencatlg
942 _2ddc
_cBK
_n0
999 _c2617
_d2617